000 00640nam a2200205 u 4500
005 20210223131036.0
008 090803s2006 r 000 0 eng d
020 _a9871305052 (10 dígitos)
020 _a9789871305056 (13 dígitos)
035 _aUPN01000171673
049 _aCG
050 4 _aCD959
_bM3.3
100 1 _aMastropierro, María del Carmen
245 1 0 _aArchivos privados :
_banálisis y gestión /
_cMaría del Carmen Mastropierro.
260 _aBuenos Aires :
_bAlfagrama,
_cc2006.
300 _a350 p.
440 0 _aBiblioteca alfagrama ;
_v3.
_pArchivística
650 4 _aARCHIVOS -
_vMANUALES
_93052
905 _aLibro
999 _c143778
_d143778